[Event "Titled Tue 17th Jun Early"]
[Site "chess.com INT"]
[Date "2025.06.17"]
[Round "9"]
[White "Zlatin, Alexander"]
[Black "Moksh, Amit Doshi"]
[Result "0-1"]
[WhiteTitle "FM"]
[BlackTitle "IM"]
[WhiteElo "2313"]
[BlackElo "2366"]
[WhiteFideId "2810549"]
[BlackFideId "25064967"]
[EventDate "2025.06.17"]

1. e4 c6 2. Nf3 d5 3. Nc3 Bg4 4. h3 Bxf3 5. Qxf3 e6 6. d4 Nf6 7. Bg5 Be7 8. Bxf6
Bxf6 9. e5 Be7 10. Qg4 g5 11. Qh5 Nd7 12. h4 gxh4 13. Rh3 Nf8 14. Bd3 Qb6 15.
O-O-O Qxd4 16. Rf3 O-O-O 17. Rxf7 Qc5 18. Na4 Qb4 19. a3 Qxa4 20. Rxe7 Nd7 21.
Rxe6 Qf4+ 22. Kb1 Qxf2 23. Re7 Qxg2 24. e6 Nc5 25. Qxh4 Rhe8 26. Rxh7 Nxe6 27.
Bf5 Qf3 28. Bg4 Qe4 29. Re1 Qc4 30. Rxe6 Kb8 31. Rxe8 Rxe8 32. Qg3+ Ka8 33. b3
Qe4 34. Qc7 Rb8 35. Rh8 Rxh8 36. a4 Qxg4 0-1

[Event "Titled Tue 17th Jun Early"]
[Site "chess.com INT"]
[Date "2025.06.17"]
[Round "9"]
[White "Miserendino, Alfredo"]
[Black "Berikkyzy Alanna"]
[Result "0-1"]
[BlackTitle "WFM"]
[WhiteElo "2032"]
[BlackElo "2080"]
[WhiteFideId "101800"]
[BlackFideId "13780719"]
[EventDate "2025.06.17"]

1. e4 c5 2. Nf3 Nc6 3. Bb5 Nf6 4. Bxc6 dxc6 5. e5 Nd5 6. O-O g6 7. d3 Bg7 8. Nc3
O-O 9. Bg5 Nxc3 10. bxc3 Bg4 11. d4 Bxf3 12. gxf3 Re8 13. Kh1 Qa5 14. Bd2 Rad8
15. Qe2 Qc7 16. Be3 cxd4 17. cxd4 c5 18. c3 b6 19. f4 Qc6+ 20. f3 Rc8 21. Rad1
Red8 22. Qc4 e6 23. Kg2 Rd5 24. Rd2 b5 25. Qb3 c4 26. Qa3 a6 27. Qe7 Rd7 28. Qh4
a5 29. Kh1 b4 30. f5 exf5 31. Bh6 Bh8 32. d5 Rxd5 33. Rxd5 Qxd5 34. Qe7 bxc3 35.
Bg5 c2 36. Bf6 Bxf6 37. Qxf6 Qd1 0-1

[Event "Titled Tue 17th Jun Early"]
[Site "chess.com INT"]
[Date "2025.06.17"]
[Round "9"]
[White "Williams, Simon K"]
[Black "Galperin, Platon"]
[Result "0-1"]
[WhiteTitle "GM"]
[BlackTitle "GM"]
[WhiteElo "2444"]
[BlackElo "2500"]
[WhiteFideId "404454"]
[BlackFideId "14165414"]
[EventDate "2025.06.17"]

1. e4 e5 2. f4 exf4 3. Bc4 Qh4+ 4. Kf1 d6 5. d4 Be6 6. Bxe6 fxe6 7. Nf3 Qh6 8.
Nc3 Nd7 9. Nb5 Kd8 10. Qd3 a6 11. Nc3 Ne7 12. Ne2 g5 13. h4 Rg8 14. Kg1 g4 15.
Ng5 Qf6 16. e5 Qf5 17. Qxf5 exf5 18. e6 Nf6 19. Nxf4 Bg7 20. c4 Ke8 21. Be3 b5
22. b3 bxc4 23. bxc4 Rb8 24. Kh2 h6 25. Nf7 Ne4 26. Rhb1 Rc8 27. Rb7 Nc6 28. Nd5
Nxd4 29. Rd1 Nxe6 30. Nxh6 g3+ 31. Kg1 Bxh6 32. Bxh6 Rh8 33. Bg5 N6xg5 34. hxg5
Kd7 35. Nf6+ Kc6 36. g6 Nxf6 37. Rbb1 Rcg8 0-1

[Event "Titled Tue 17th Jun Early"]
[Site "chess.com INT"]
[Date "2025.06.17"]
[Round "9"]
[White "Chen, Yidong"]
[Black "Tang, Dylan"]
[Result "1-0"]
[BlackTitle "FM"]
[WhiteElo "2074"]
[BlackElo "2236"]
[WhiteFideId "8607028"]
[BlackFideId "30972531"]
[EventDate "2025.06.17"]

1. c4 Nf6 2. Nc3 c5 3. g3 Nc6 4. Bg2 g6 5. e3 Bg7 6. Nge2 O-O 7. d4 d6 8. d5 Ne5
9. b3 Bg4 10. O-O Bf3 11. Bb2 Qd7 12. Qc2 Qg4 13. h3 Qh5 14. Nf4 Qh6 15. Bxf3
Nxf3+ 16. Kg2 Ne5 17. Nd3 Nfd7 18. Nxe5 Nxe5 19. Ne2 Qh5 20. f4 Nd7 21. Bxg7
Kxg7 22. g4 Qh4 23. Ng1 e5 24. Nf3 Qe7 25. f5 Rae8 26. e4 f6 27. Rf2 g5 28. Rh1
h5 29. Qe2 Rh8 30. Nd2 Qd8 31. Kg1 Qa5 32. Nb1 b5 33. Rfh2 bxc4 34. h4 hxg4 35.
hxg5 cxb3 36. axb3 Qa1 37. Qd1 Rxh2 38. Rxh2 Qd4+ 39. Qxd4 cxd4 40. g6 Rh8 41.
Nd2 Nc5 42. Rxh8 Kxh8 43. Kg2 Kg7 44. Kg3 Kh6 45. Kxg4 a5 46. Kh4 Nd3 47. Kg4
Nf2+ 48. Kf3 Nd1 49. Nc4 Nb2 50. Nxd6 Nd3 51. Nc4 Nc1 52. d6 d3 53. d7 1-0

[Event "Titled Tue 17th Jun Early"]
[Site "chess.com INT"]
[Date "2025.06.17"]
[Round "9"]
[White "Ady, Jonathan J."]
[Black "Hernandez Jimenez, Alexander Andres"]
[Result "1-0"]
[WhiteTitle "FM"]
[BlackTitle "FM"]
[WhiteElo "2355"]
[BlackElo "2069"]
[WhiteFideId "6000240"]
[BlackFideId "3900452"]
[EventDate "2025.06.17"]

1. e4 c5 2. Nf3 d6 3. c3 Nf6 4. Be2 g6 5. O-O Bg7 6. Bb5+ Bd7 7. Bxd7+ Qxd7 8.
Re1 Nc6 9. d4 cxd4 10. cxd4 d5 11. e5 Ne4 12. Nbd2 Nxd2 13. Bxd2 e6 14. Rc1 O-O
15. b4 a6 16. a4 Rac8 17. Rc5 Rfd8 18. b5 axb5 19. axb5 Na7 20. Ba5 Re8 21. Rxc8
Rxc8 22. b6 Nc6 23. Bd2 Ne7 24. Qb3 Bf8 25. Ra1 h5 26. h3 Nf5 27. g4 hxg4 28.
hxg4 Ne7 29. Bg5 Nc6 30. Kg2 Be7 31. Qe3 Bxg5 32. Nxg5 Kg7 33. Qf4 Qe7 34. Rh1
Rh8 35. Rxh8 Kxh8 36. Qh2+ Kg8 37. Qh7+ 1-0

[Event "Titled Tue 17th Jun Early"]
[Site "chess.com INT"]
[Date "2025.06.17"]
[Round "9"]
[White "Tang, Andrew"]
[Black "Atanasov, Anthony"]
[Result "1-0"]
[WhiteTitle "GM"]
[BlackTitle "IM"]
[WhiteElo "2529"]
[BlackElo "2417"]
[WhiteFideId "2059630"]
[BlackFideId "2623897"]
[EventDate "2025.06.17"]

1. d4 d5 2. Bf4 c5 3. e4 Nc6 4. Nc3 cxd4 5. exd5 dxc3 6. dxc6 Qxd1+ 7. Rxd1 bxc6
8. bxc3 Bg4 9. Nf3 f6 10. Bc7 Rc8 11. Ba5 Kf7 12. Ba6 Rb8 13. Be2 h5 14. h3 Be6
15. Nd4 Bd5 16. c4 Bxg2 17. Rg1 e5 18. Rxg2 exd4 19. Rxd4 Bb4+ 20. Bxb4 Rxb4 21.
Rd7+ Ne7 22. Rxa7 g6 23. Bd3 f5 24. f4 Rd8 25. Re2 Re8 26. Kd2 Kf6 27. a4 Rb1
28. a5 h4 29. Kc3 c5 30. Rc7 Ra1 31. Rxc5 Rh1 32. a6 Ra8 33. Rc7 Nc8 34. c5 Rxh3
35. Kd4 g5 36. Rc6+ Kg7 37. fxg5 Na7 38. Rd6 Rg3 39. Re7+ Kf8 40. Rh7 Rg4+ 41.
Ke5 1-0

[Event "Titled Tue 17th Jun Early"]
[Site "chess.com INT"]
[Date "2025.06.17"]
[Round "9"]
[White "Buscar, Michael"]
[Black "Essing, Arnold"]
[Result "1-0"]
[BlackTitle "FM"]
[WhiteElo "2016"]
[BlackElo "2197"]
[WhiteFideId "2603616"]
[BlackFideId "4619862"]
[EventDate "2025.06.17"]

1. d4 d5 2. c4 e6 3. Nc3 c5 4. cxd5 exd5 5. Nf3 Nc6 6. g3 c4 7. Bg2 Bb4 8. O-O
Nge7 9. Bg5 O-O 10. Ne5 f6 11. Nxc6 bxc6 12. Bd2 Be6 13. Nxd5 Nxd5 14. Bxd5 Qxd5
15. Bxb4 Rfd8 16. f3 Qxd4+ 17. Qxd4 Rxd4 18. Rfd1 Rad8 19. Rxd4 Rxd4 20. Kf2 a6
21. a4 Kf7 22. Ke3 Rd7 23. g4 h5 24. h3 Rb7 25. Bc3 hxg4 26. hxg4 Rb8 27. Rd1
Rb7 28. Rd6 Bd7 29. Kd4 Ke7 30. Kc5 Be8 31. Rd1 Rd7 32. Rh1 Bg6 33. Kxc6 Bc2 34.
a5 Bd1 35. Kb6 Kf7 36. Rxd1 Rxd1 37. Kxa6 1-0

[Event "Titled Tue 17th Jun Early"]
[Site "chess.com INT"]
[Date "2025.06.17"]
[Round "9"]
[White "Carlsen, Magnus"]
[Black "Firouzja, Alireza"]
[Result "1-0"]
[WhiteTitle "GM"]
[BlackTitle "GM"]
[WhiteElo "2837"]
[BlackElo "2766"]
[WhiteFideId "1503014"]
[BlackFideId "12573981"]
[EventDate "2025.06.17"]

1. c4 g6 2. g3 Bg7 3. Bg2 Nf6 4. Nc3 O-O 5. Nf3 d6 6. d4 Nbd7 7. O-O e5 8. e4
exd4 9. Nxd4 Re8 10. h3 Nc5 11. Re1 h6 12. Qc2 Ng4 13. Nb3 Ne5 14. Nxc5 dxc5 15.
Rd1 Bd7 16. Be3 b6 17. Nd5 Nc6 18. Qd2 Nd4 19. Bxh6 Bxh3 20. Bg5 Qd7 21. Nf6+
Bxf6 22. Bxf6 Qc6 23. Bxd4 Bxg2 24. Bc3 Bxe4 25. Qh6 f6 26. f3 Bf5 27. Rd5 Re7
28. Rxf5 gxf5 29. Bxf6 Qd6 30. Qg5+ Kf7 31. Qg7+ Ke8 32. Bxe7 Qxe7 33. Qg8+ Kd7
34. Rd1+ 1-0

[Event "Titled Tue 17th Jun Early"]
[Site "chess.com INT"]
[Date "2025.06.17"]
[Round "9"]
[White "Kukushkin, Ivan"]
[Black "Malikova, Marjona"]
[Result "1-0"]
[WhiteTitle "CM"]
[BlackTitle "WIM"]
[WhiteElo "2008"]
[BlackElo "2055"]
[WhiteFideId "11634103"]
[BlackFideId "14212463"]
[EventDate "2025.06.17"]

1. e4 e6 2. d4 d5 3. e5 c5 4. c3 Nc6 5. Nf3 Qb6 6. Be2 Bd7 7. O-O Rc8 8. b3 Nge7
9. Bb2 Nf5 10. Kh1 h5 11. a4 h4 12. h3 cxd4 13. cxd4 Na5 14. Nbd2 Bb4 15. Nb1
O-O 16. Bd3 Be7 17. Bxf5 exf5 18. Nbd2 f4 19. Ba3 Bxa3 20. Rxa3 Rc3 21. Ra1 Bf5
22. Nxh4 Bxh3 23. Ndf3 Bg4 24. Qd2 Rxb3 25. Qxf4 Bxf3 26. Nxf3 Nc4 27. Qh4 Re8
28. a5 Qa6 29. Rfb1 Rxb1+ 30. Rxb1 Re6 31. Kg1 Rh6 32. Qd8+ Kh7 33. Ng5+ Kg6 34.
Qe7 Nd2 35. f4 Nxb1 36. Qxf7# 1-0

[Event "Titled Tue 17th Jun Early"]
[Site "chess.com INT"]
[Date "2025.06.17"]
[Round "9"]
[White "Junior, Liduino F Vasconcelos"]
[Black "Shangin, Lev"]
[Result "0-1"]
[WhiteElo "2047"]
[BlackElo "2169"]
[WhiteFideId "2109913"]
[BlackFideId "55681085"]
[EventDate "2025.06.17"]

1. e4 c5 2. b3 b6 3. Bb2 Bb7 4. Nc3 d6 5. Bb5+ Nd7 6. f4 a6 7. Bxd7+ Qxd7 8. Nf3
e6 9. Qe2 Nf6 10. O-O-O b5 11. e5 Nd5 12. g3 Nxc3 13. Bxc3 a5 14. Rhf1 b4 15.
Bb2 a4 16. f5 axb3 17. axb3 d5 18. fxe6 fxe6 19. Ng5 Be7 20. Nf7 Rf8 21. Nd6+
Bxd6 22. exd6 Qxd6 23. Qh5+ Kd7 24. Qxh7 Kc6 25. Qxg7 Rxf1 26. Rxf1 Ba6 27. Be5
Qd8 28. Rf7 Bc8 29. Rc7+ Kb5 30. Qh7 Qf8 31. Qd3+ Kb6 32. Kb2 Ba6 33. Qh7 Bc8
34. Re7 Qf1 35. Bc7+ Kc6 36. Ba5 Rxa5 37. Rc7+ Kb6 38. Rc6+ Kxc6 0-1

[Event "Titled Tue 17th Jun Early"]
[Site "chess.com INT"]
[Date "2025.06.17"]
[Round "9"]
[White "Palomo, Franklin Annervys"]
[Black "Toroptseva, Yevheniia"]
[Result "1-0"]
[WhiteTitle "FM"]
[BlackTitle "WFM"]
[WhiteElo "2243"]
[BlackElo "2104"]
[WhiteFideId "3906965"]
[BlackFideId "34109374"]
[EventDate "2025.06.17"]

1. e4 c5 2. Nf3 e6 3. c3 d5 4. e5 d4 5. Bd3 Nc6 6. O-O Nge7 7. Re1 Ng6 8. Na3
Qc7 9. cxd4 cxd4 10. Nc4 b5 11. Nd6+ Bxd6 12. exd6 Qxd6 13. Bxb5 Bb7 14. d3 O-O
15. Qe2 e5 16. Bd2 Rac8 17. Ng5 Nce7 18. Bc4 Nd5 19. Qh5 Nf6 20. Qh3 h6 21. Nf3
e4 22. Nh4 Nf4 23. Bxf4 Qxf4 24. b3 Qg5 25. Rad1 e3 26. fxe3 dxe3 27. Rxe3 Rfe8
28. Rg3 Qc5+ 29. Kh1 Qb4 30. Re3 Qc5 31. Ree1 Qa5 32. Rf1 Qe5 33. Nf5 Nh7 34.
Nxh6+ gxh6 35. Rxf7 Qe1+ 36. Rf1+ Qe6 37. Bxe6+ Rxe6 38. Qxe6+ Kg7 39. Rf7+ Kg8
40. Rxb7+ Kf8 41. Qxc8# 1-0

[Event "Titled Tue 17th Jun Early"]
[Site "chess.com INT"]
[Date "2025.06.17"]
[Round "9"]
[White "Domin, Yan"]
[Black "Skliarov, Viktor"]
[Result "1-0"]
[WhiteTitle "FM"]
[BlackTitle "IM"]
[WhiteElo "2222"]
[BlackElo "2334"]
[WhiteFideId "34169342"]
[BlackFideId "14106736"]
[EventDate "2025.06.17"]

1. e4 c5 2. Nf3 Nc6 3. Bb5 e6 4. Bxc6 bxc6 5. d3 Ne7 6. Nbd2 Qc7 7. h4 e5 8. h5
d6 9. Nc4 h6 10. Nh4 Be6 11. Qf3 Rb8 12. b3 d5 13. Ne3 c4 14. dxc4 dxc4 15. O-O
Ng8 16. Nxc4 Bxc4 17. bxc4 Nf6 18. Nf5 Nxh5 19. Qxh5 g6 20. Qf3 gxf5 21. Qxf5
Bg7 22. Ba3 c5 23. Rad1 Rb6 24. Rd5 Rc6 25. Rfd1 O-O 26. R1d3 Qa5 27. Rg3 Qe1+
28. Kh2 Rg6 29. Bxc5 Rxg3 30. fxg3 Qe2 31. Bxf8 Bxf8 32. Rd7 Qxc4 33. Rd8 Qc5
34. Qc8 Kg7 35. Qxc5 Bxc5 36. Rc8 Bd4 37. Rc6 h5 38. c4 Bf2 39. Kh3 1-0

[Event "Titled Tue 17th Jun Early"]
[Site "chess.com INT"]
[Date "2025.06.17"]
[Round "9"]
[White "Suvradeepta, Das"]
[Black "Bogdanov, Artyom"]
[Result "0-1"]
[WhiteTitle "FM"]
[BlackTitle "FM"]
[WhiteElo "2230"]
[BlackElo "2370"]
[WhiteFideId "5058031"]
[BlackFideId "13749200"]
[EventDate "2025.06.17"]

1. Nf3 Nf6 2. e3 b6 3. b3 Bb7 4. Bb2 g6 5. Be2 Bg7 6. O-O O-O 7. c4 d6 8. d3
Nbd7 9. Nbd2 Re8 10. Rc1 e5 11. Qc2 a5 12. Rfd1 e4 13. dxe4 Nxe4 14. Bxg7 Kxg7
15. Nxe4 Bxe4 16. Qc3+ Qf6 17. Qxf6+ Kxf6 18. Nd2 Bb7 19. Kf1 Nc5 20. Bf3 Bxf3
21. Nxf3 Rad8 22. Nd4 Na6 23. Nb5 Rc8 24. Rd2 Nc5 25. Rcd1 Ke7 26. f3 f5 27. Kf2
Kd7 28. h4 Re7 29. h5 Rce8 30. hxg6 hxg6 31. Re2 Rh8 32. Kg3 Reh7 33. Nc3 Rh1
34. Rdd2 g5 35. Rd5 Rf8 36. e4 Rc1 37. Nd1 fxe4 38. fxe4 Ne6 39. Rf5 Rxd1 0-1

[Event "Titled Tue 17th Jun Early"]
[Site "chess.com INT"]
[Date "2025.06.17"]
[Round "9"]
[White "Savitha, Shri B"]
[Black "Matveeva, Olga"]
[Result "1-0"]
[WhiteTitle "IM"]
[BlackTitle "WIM"]
[WhiteElo "2293"]
[BlackElo "2177"]
[WhiteFideId "35061887"]
[BlackFideId "24107018"]
[EventDate "2025.06.17"]

1. e4 c6 2. d4 d5 3. exd5 cxd5 4. Bd3 Nc6 5. c3 Nf6 6. Ne2 e5 7. dxe5 Nxe5 8.
Bg5 Nxd3+ 9. Qxd3 Bd6 10. Bxf6 Qxf6 11. Qxd5 O-O 12. O-O Rd8 13. Qh5 g6 14. Qf3
Qh4 15. Ng3 Bg4 16. Qxb7 Rab8 17. Qxa7 Rxb2 18. Na3 Bb8 19. Qa4 h5 20. Rab1 Rxb1
21. Rxb1 Qf6 22. Ne4 Qf4 23. g3 Qf5 24. h4 Bf3 25. Ng5 Bd5 26. Re1 Kg7 27. c4
Bb7 28. Qb4 Ba8 29. Nb5 Qg4 30. Qc3+ Kg8 31. Qf6 Rd1 32. Qxf7+ Kh8 33. Qh7# 1-0

[Event "Titled Tue 17th Jun Early"]
[Site "chess.com INT"]
[Date "2025.06.17"]
[Round "9"]
[White "Huh, Isaak"]
[Black "Shapiro, Daniel"]
[Result "1-0"]
[WhiteTitle "CM"]
[BlackTitle "FM"]
[WhiteElo "2139"]
[BlackElo "2284"]
[WhiteFideId "13209590"]
[BlackFideId "2001780"]
[EventDate "2025.06.17"]

1. Nf3 e6 2. g3 f5 3. Bg2 Nf6 4. O-O Be7 5. d4 d5 6. c4 Nc6 7. Nc3 Ne4 8. Ne5
Nxe5 9. Nxe4 Nxc4 10. b3 Nd6 11. Nxd6+ Bxd6 12. b4 Bd7 13. Rb1 Bb5 14. a4 Bc4
15. b5 O-O 16. Bf4 b6 17. Qd2 a6 18. h4 axb5 19. axb5 Bxf4 20. Qxf4 Qd7 21. h5
h6 22. Rfc1 Ra7 23. Qe5 Bxb5 24. Rxb5 Qxb5 25. Qxe6+ Kh8 26. Bxd5 c5 27. dxc5
bxc5 28. Bc4 Qd7 29. Qg6 Rf6 30. Bb5 Qe7 31. Qe8+ Qxe8 32. Bxe8 Re7 33. Bg6 Rc6
34. Rb1 f4 35. Rb8+ 1-0

[Event "Titled Tue 17th Jun Early"]
[Site "chess.com INT"]
[Date "2025.06.17"]
[Round "9"]
[White "Sabatier, Mathis"]
[Black "Osiecki, Stanislaw"]
[Result "1-0"]
[WhiteTitle "CM"]
[BlackTitle "FM"]
[WhiteElo "2235"]
[BlackElo "1944"]
[WhiteFideId "26029685"]
[BlackFideId "1102990"]
[EventDate "2025.06.17"]

1. d4 Nf6 2. Nf3 g6 3. Nbd2 Bg7 4. e4 d6 5. Bd3 O-O 6. O-O Nc6 7. h3 e5 8. c3
exd4 9. cxd4 Re8 10. Re1 Bd7 11. Nb3 b6 12. a4 a5 13. d5 Nb4 14. Bb1 c5 15. dxc6
Bxc6 16. Bd2 Bxe4 17. Bc3 Bxb1 18. Rxe8+ Nxe8 19. Rxb1 Bxc3 20. bxc3 Nc6 21. Qd5
Ne7 22. Qd3 Rc8 23. Nbd4 Qc7 24. Nb5 Qc4 25. Qc2 Nd5 26. Re1 Kf8 27. Qd2 Kg7 28.
Rxe8 Rxe8 29. Nxd6 Re2 30. Nxc4 Rxd2 31. Nfxd2 Nxc3 32. Nxb6 Kf6 33. Ndc4 Ke6
34. Nxa5 Kd6 35. Nac4+ Kc5 36. a5 Kb5 37. Kf1 f5 38. Ke1 Ne4 39. f3 Nf6 40. Kf2
f4 41. Ke2 Nh5 42. Kd3 1-0

[Event "Titled Tue 17th Jun Early"]
[Site "chess.com INT"]
[Date "2025.06.17"]
[Round "9"]
[White "Chylewski, Patryk"]
[Black "Logozar, Elijah"]
[Result "0-1"]
[WhiteTitle "IM"]
[WhiteElo "2313"]
[BlackElo "1928"]
[WhiteFideId "1186191"]
[BlackFideId "30963788"]
[EventDate "2025.06.17"]

1. e4 c5 2. Nf3 Nc6 3. Bb5 d5 4. exd5 Qxd5 5. Nc3 Qe6+ 6. Be2 Nd4 7. O-O Nf6 8.
Re1 Nxe2+ 9. Rxe2 Qc6 10. d4 e6 11. d5 Qd6 12. Be3 a6 13. dxe6 Qxd1+ 14. Rxd1
Bxe6 15. Na4 Rc8 16. Ng5 Be7 17. Nxe6 fxe6 18. Bg5 Kf7 19. Nb6 Rc6 20. Nc4 Rcc8
21. Rde1 b5 22. Ne5+ Kf8 23. Nd3 c4 24. Nf4 Kf7 25. Rxe6 Rhe8 26. Rxa6 h6 27.
Bxf6 Bxf6 28. Rxe8 Rxe8 29. g3 Bxb2 30. Rb6 Re5 31. a4 g5 32. Nh5 Bd4 33. Rxb5
Re2 34. Rf5+ Kg6 35. g4 Rxc2 36. Ng3 c3 37. Ne4 Rxf2 38. Nxf2 c2 39. Rc5 Bxc5 0-1

[Event "Titled Tue 17th Jun Early"]
[Site "chess.com INT"]
[Date "2025.06.17"]
[Round "9"]
[White "Agarwal, Amaya"]
[Black "Redor, Menandro"]
[Result "0-1"]
[WhiteTitle "WCM"]
[WhiteElo "2004"]
[BlackElo "2021"]
[WhiteFideId "48733580"]
[BlackFideId "5222010"]
[EventDate "2025.06.17"]

1. e4 c6 2. d4 d5 3. e5 Bf5 4. c4 e6 5. Nf3 Ne7 6. Nc3 dxc4 7. Bxc4 Nd5 8. Nxd5
cxd5 9. Bb5+ Nc6 10. Bxc6+ bxc6 11. O-O Be7 12. Be3 O-O 13. Rc1 Rc8 14. Qa4 Qb6
15. Rc3 Bb4 16. Rb3 a5 17. a3 Bc2 18. Rxb4 axb4 19. Qxc2 bxa3 20. bxa3 Ra8 21.
a4 Qb4 22. Qxc6 Rxa4 23. Bd2 Qb3 24. Rc1 h6 25. h3 Ra2 26. Kh2 Qd3 27. Bb4 Rfa8
28. Kg1 Qb3 29. Qc3 Qa4 30. Bd6 Qb5 31. Bc5 Qe2 32. Qe1 Qb2 33. Qd1 Ra1 34. Rc4 0-1

[Event "Titled Tue 17th Jun Early"]
[Site "chess.com INT"]
[Date "2025.06.17"]
[Round "9"]
[White "Iniyan, Pa"]
[Black "Esipenko, Andrey"]
[Result "0-1"]
[WhiteTitle "GM"]
[BlackTitle "GM"]
[WhiteElo "2573"]
[BlackElo "2689"]
[WhiteFideId "25002767"]
[BlackFideId "24175439"]
[EventDate "2025.06.17"]

1. c4 Nf6 2. Nf3 e6 3. g3 a6 4. Bg2 b5 5. b3 Bb7 6. O-O Be7 7. Bb2 O-O 8. d4 d6
9. Nc3 b4 10. Na4 Nbd7 11. Rc1 a5 12. c5 Bd5 13. Nd2 Bxg2 14. Kxg2 Qb8 15. e4
Qb5 16. Qc2 Rfd8 17. Rfe1 dxc5 18. e5 Nd5 19. dxc5 Nb8 20. Ne4 Nc6 21. h4 h6 22.
Qc4 Qb7 23. Rcd1 Rd7 24. Rd3 Rad8 25. Red1 Na7 26. Kh2 Qc6 27. Rd4 Nb5 28. Qe2
Nxd4 29. Rxd4 Nf4 30. Qf3 Nd5 31. Nf6+ gxf6 32. exf6 Bf8 33. Rg4+ Kh8 34. Rg7
Bxg7 35. fxg7+ Kg8 36. Qh5 Nf4 37. gxf4 Rd1 38. f3 R8d2+ 39. Kg3 Rg1+ 40. Kh3
Qd5 41. Qxd5 Rxd5 42. Be5 Rxe5 43. fxe5 Kxg7 44. Nb2 Ra1 45. Nc4 Rxa2 46. c6 a4
47. Na5 a3 0-1

[Event "Titled Tue 17th Jun Early"]
[Site "chess.com INT"]
[Date "2025.06.17"]
[Round "9"]
[White "Nurgaliyeva, Zarina"]
[Black "Rosen, Eric"]
[Result "0-1"]
[WhiteTitle "WFM"]
[BlackTitle "IM"]
[WhiteElo "2252"]
[BlackElo "2377"]
[WhiteFideId "13730096"]
[BlackFideId "2032562"]
[EventDate "2025.06.17"]

1. e4 e6 2. d4 d5 3. e5 Bd7 4. Nf3 a6 5. c3 Bb5 6. Bxb5+ axb5 7. O-O Nd7 8. Bg5
Qc8 9. Nbd2 Nb6 10. Ne1 h6 11. Be3 Ne7 12. f4 Nf5 13. Bf2 h5 14. Nc2 Be7 15. Ne3
g6 16. Nxf5 gxf5 17. h4 Kd7 18. Nf3 Qg8 19. Ng5 Qg6 20. Be3 Nc4 21. Bc1 f6 22.
Nf3 Rhg8 23. Qe2 fxe5 24. fxe5 Qg4 25. b3 Nb6 26. Qxb5+ c6 27. Qe2 Bxh4 28. a4
Bg3 29. Qd1 Bh2+ 30. Kf2 Qxg2+ 31. Ke3 Rg4 32. a5 Nc8 33. Qe2 Re4+ 0-1

[Event "Titled Tue 17th Jun Early"]
[Site "chess.com INT"]
[Date "2025.06.17"]
[Round "9"]
[White "Yevchenko, Oleksandr"]
[Black "Gubajdullin, Alexei"]
[Result "1-0"]
[WhiteTitle "CM"]
[BlackTitle "FM"]
[WhiteElo "2276"]
[BlackElo "2233"]
[WhiteFideId "14108267"]
[BlackFideId "4141202"]
[EventDate "2025.06.17"]

1. c4 Nf6 2. Nc3 g6 3. d4 Bg7 4. e4 O-O 5. Be3 d6 6. h3 Na6 7. Nge2 e5 8. d5 Nc5
9. Qc2 a5 10. g4 h5 11. f3 h4 12. O-O-O Nh7 13. Bxc5 dxc5 14. d6 cxd6 15. Nb5
Ng5 16. Rxd6 Qe7 17. Qd3 Ne6 18. Nec3 Nd4 19. Nd5 Qg5+ 20. Kb1 Be6 21. Nbc7 Rab8
22. Nxe6 fxe6 23. Nc3 Rxf3 24. Qd1 Rbf8 25. Be2 Rf2 26. Re1 Qe3 27. Rd7 Qxh3 28.
a3 Qg2 29. Ka2 h3 30. Rg1 Qh2 31. Rh1 Qg3 32. Bf1 Qxc3 33. Rxb7 1-0

[Event "Titled Tue 17th Jun Early"]
[Site "chess.com INT"]
[Date "2025.06.17"]
[Round "9"]
[White "Mai, Alexander Oliver"]
[Black "Castillo, Santiago"]
[Result "1-0"]
[WhiteTitle "CM"]
[WhiteElo "2171"]
[BlackElo "2163"]
[WhiteFideId "2313391"]
[BlackFideId "108936"]
[EventDate "2025.06.17"]

1. e4 c5 2. Nf3 e6 3. d4 cxd4 4. Nxd4 Nf6 5. Nc3 Nc6 6. Bf4 Bb4 7. Nb5 Nxe4 8.
Qf3 d5 9. Nc7+ Kf8 10. Nxa8 Qa5 11. Bd3 Nxc3 12. O-O Nb5 13. c4 Nbd4 14. Qg3
dxc4 15. Bd6+ Kg8 16. Bxc4 Bd2 17. Qd3 e5 18. Nc7 Bf5 19. Qa3 Qxa3 20. Bxa3 a6
21. Rad1 Ba5 22. Nd5 b5 23. Bd3 Be6 24. b4 Bxd5 25. bxa5 Bxa2 26. Bb2 f6 27. Be4
Bc4 28. Rfe1 Nb4 29. Bxd4 exd4 30. Rxd4 Kf7 31. Rd7+ Ke6 32. Rxg7 f5 33. Bb7+
Kf6 34. Rc7 1-0

[Event "Titled Tue 17th Jun Early"]
[Site "chess.com INT"]
[Date "2025.06.17"]
[Round "9"]
[White "Onur, Cigdem"]
[Black "Hury, Tymoteusz"]
[Result "0-1"]
[WhiteTitle "WCM"]
[BlackTitle "CM"]
[WhiteElo "1956"]
[BlackElo "2115"]
[WhiteFideId "6346030"]
[BlackFideId "21839328"]
[EventDate "2025.06.17"]

1. e4 e6 2. d4 d5 3. Nd2 dxe4 4. Nxe4 Bd7 5. Nf3 Bc6 6. Bd3 Nd7 7. c3 Ngf6 8.
Bg5 Be7 9. Ng3 h6 10. Bf4 b5 11. O-O Nb6 12. Ne5 Bd7 13. Qd2 a6 14. Rfe1 Nfd5
15. Nh5 Bf6 16. Ng4 Nxf4 17. Qxf4 Bg5 18. Nxg7+ Kf8 19. Qe5 Rg8 20. Nh5 Nd5 21.
Bh7 f6 22. Qg3 Rh8 23. Bg6 Rg8 24. Bh7 Rh8 25. Be4 f5 26. Bxd5 exd5 27. Ne5 Be8
28. h4 Bxh5 29. hxg5 Qxg5 30. Qxg5 hxg5 0-1

[Event "Titled Tue 17th Jun Early"]
[Site "chess.com INT"]
[Date "2025.06.17"]
[Round "9"]
[White "Dubnevych, Maksym"]
[Black "Oparin, Grigoriy"]
[Result "1-0"]
[WhiteTitle "FM"]
[BlackTitle "GM"]
[WhiteElo "2296"]
[BlackElo "2660"]
[WhiteFideId "14184001"]
[BlackFideId "24125890"]
[EventDate "2025.06.17"]

1. Nc3 c5 2. Nf3 Nc6 3. d4 cxd4 4. Nxd4 g6 5. h4 h6 6. h5 g5 7. e4 Bg7 8. Nf5
Be5 9. Bc4 d6 10. Ne3 Nf6 11. Bd3 Be6 12. Ncd5 a6 13. c3 Rc8 14. g3 Nb8 15. f4
gxf4 16. gxf4 Bxd5 17. exd5 Bxc3+ 18. bxc3 Qa5 19. Bd2 Nxd5 20. Qf3 Nxe3 21.
Qxe3 Nd7 22. c4 Qa3 23. Be2 Qa4 24. O-O Rc5 25. Kh2 Qc2 26. Rfc1 Qf5 27. Bb4 Rc8
28. Bxd6 e6 29. Rg1 Rc6 30. Rad1 b5 31. cxb5 axb5 32. Be5 Nxe5 33. fxe5 Rc2 34.
Rg2 Ke7 35. Qa3+ Ke8 36. Bxb5+ 1-0